Tilastot visalle Nopea matematiikka - neliöjuuret

Klikkaa tästä pelataksesi tätä visaa!

Yleistilastot

  • Tätä visaa on pelattu 46 kertaa
  • Keskiarvotulos 11 / 20

Vastaustilastot

ongelmavastaus% Oikein
11
100%
10010
100%
12111
100%
14412
100%
42
100%
84129
100%
90030
100%
164
100%
160040
100%
255
100%
366
100%
819
100%
40020
86%
25616
83%
93
83%
250050
83%
648
83%
497
80%
19614
75%
102432
75%
28917
71%
16913
67%
22515
67%
32418
67%
62525
67%
122535
67%
202545
67%
360060
67%
291654
60%
152139
57%
184943
57%
44121
50%
52923
50%
67626
50%
129636
50%
144438
50%
260151
50%
108933
43%
115634
43%
36119
40%
72927
40%
78428
40%
136937
40%
168141
40%
193644
40%
220947
40%
96131
33%
280953
33%
57624
29%
176442
29%
48422
25%
230448
25%
324957
25%
348159
25%
211646
14%
240149
0%
270452
0%
302555
0%
313656
0%
336458
0%

Tulosjakauma

Persentiili vastausten määrän mukaan

Jokaisen tuloksen saaneiden osuus

Tuloshistoriasi

Et ole pelannut tätä visaa